[Event "GER Cup Net V4 U1600"]
[Site "Playchess.com INT"]
[Date "2020.05.31"]
[Round "8"]
[White "Dohm Acker, Erwin"]
[Black "Konz, Andreas"]
[Result "1/2-1/2"]
[WhiteElo "1424"]
[BlackElo "1497"]
[PlyCount "149"]
[EventDate "2020.05.31"]
[EventType "swiss (blitz)"]
[EventRounds "9"]
[EventCountry "GER"]
[SourceTitle "EXT 2021"]
[Source "ChessBase"]
[SourceDate "2020.10.23"]
[SourceVersion "1"]
[SourceVersionDate "2020.10.23"]
[SourceQuality "1"]

1. Nf3 d6 2. d4 Nd7 3. e3 Ngf6 4. Nbd2 e5 5. dxe5 dxe5 6. Bb5 c6 7. Ba4 e4 8. Nd4 Be7 9. 0-0 0-0 10. c4 Ne5 11. Bc2 Nd3 12. Nxe4 Nxc1 13. Qxc1 Nxe4 14. Bxe4 Bf6 15. Rd1 Qb6 16. b3 Bxd4 17. Rxd4 Be6 18. Qc2 g6 19. Rad1 Rad8 20. h3 Rxd4 21. exd4 Rd8 22. Qb2 f5 23. Bf3 Bf7 24. Qc3 a5 25. Rd2 Qb4 26. Qxb4 axb4 27. Kf1 Rc8 28. d5 cxd5 29. Bxd5 Bxd5 30. Rxd5 Ra8 31. Rd2 Ra3 32. f4 Kf8 33. Kf2 b6 34. Re2 Kf7 35. Kf3 Kf6 36. g4 h6 37. h4 Ra7 38. g5+ hxg5 39. hxg5+ Kf7 40. Rd2 Re7 41. Rd1 Ra7 42. Ra1 Ra3 43. Ke3 Ke6 44. Kd4 Kd6 45. Kd3 Kc5 46. Kc2 Kd4 47. Kb2 Ke4 48. Rf1 Ke3 49. Rh1 Kxf4 50. Rh6 Kxg5 51. Rh8 f4 52. Rb8 Ra6 53. Rf8 Kg4 54. Rf6 g5 55. c5 f3 56. Rxb6 Ra7 57. Rb8 Kg3 58. Rf8 f2 59. c6 Kg2 60. a3 bxa3+ 61. Ka2 f1Q 62. Rxf1 Kxf1 63. b4 g4 64. b5 g3 65. b6 Rf7 66. c7 Rf2+ 67. Kxa3 Rc2 68. b7 g2 69. b8Q g1Q 70. Qf8+ Rf2 71. Qxf2+ Qxf2 72. c8Q Qe3+ 73. Kb4 Qd4+ 74. Qc4+ Qxc4+ 75. Kxc4 1/2-1/2

[Event "GER Cup Net V3 U1600"]
[Site "Playchess.com INT"]
[Date "2020.05.27"]
[Round "6"]
[White "Konz, Andreas"]
[Black "Klemens, Peter"]
[Result "0-1"]
[WhiteElo "1579"]
[BlackElo "1655"]
[PlyCount "120"]
[EventDate "2020.05.27"]
[EventType "swiss (blitz)"]
[EventRounds "9"]
[EventCountry "GER"]
[SourceTitle "EXT 2021"]
[Source "ChessBase"]
[SourceDate "2020.10.23"]
[SourceVersion "1"]
[SourceVersionDate "2020.10.23"]
[SourceQuality "1"]

1. d4 d5 2. Nf3 c6 3. e3 Bf5 4. Bd3 Bg6 5. b3 e6 6. Bb2 Nf6 7. Ne5 Bd6 8. Nxg6 hxg6 9. Nd2 Nbd7 10. Nf3 Qe7 11. Ne5 Bc7 12. 0-0 Kf8 13. Qe2 Kg8 14. c4 Rf8 15. a4 Re8 16. Ba3 Bd6 17. c5 Bxe5 18. dxe5 Nxe5 19. Bc2 Qc7 20. f4 Neg4 21. h3 Nh6 22. g4 Qb8 23. g5 Nh5 24. gxh6 Rxh6 25. Kg2 Qd8 26. Qg4 Nf6 27. Qg5 d4 28. Rad1 Qd5+ 29. Qxd5 Nxd5 30. exd4 Ne3+ 31. Kf3 Nxc2 32. Bb2 Nb4 33. Rh1 Nd5 34. h4 b6 35. Ba3 bxc5 36. Bxc5 a6 37. Rb1 f6 38. Ba3 e5 39. fxe5 fxe5 40. dxe5 Rxe5 41. b4 Rhh5 42. b5 axb5 43. axb5 cxb5 44. Rxb5 Re3+ 45. Kf2 Rxa3 46. Rd1 Rf5+ 47. Kg1 Ne3 48. Rb8+ Kh7 49. Rdd8 g5 50. Rh8+ Kg6 51. h5+ Kf6 52. Rb6+ Ke5 53. Re8+ Kf4 54. Rb4+ Kg3 55. Rb1 Ra2 56. Re1 Rg2+ 57. Kh1 Rf1+ 58. Rxf1 Nxf1 59. Re4 Kf2 60. Ra4 Rh2# 0-1

[Event "GER Cup Net V3 U1600"]
[Site "Playchess.com INT"]
[Date "2020.05.27"]
[Round "2"]
[White "Wolff, Calvin"]
[Black "Konz, Andreas"]
[Result "1-0"]
[WhiteElo "1902"]
[BlackElo "1577"]
[PlyCount "81"]
[EventDate "2020.05.27"]
[EventType "swiss (blitz)"]
[EventRounds "9"]
[EventCountry "GER"]
[SourceTitle "EXT 2021"]
[Source "ChessBase"]
[SourceDate "2020.10.23"]
[SourceVersion "1"]
[SourceVersionDate "2020.10.23"]
[SourceQuality "1"]

1. e4 d6 2. d4 Nf6 3. Nc3 Nbd7 4. Nf3 e5 5. dxe5 dxe5 6. Bc4 Be7 7. 0-0 0-0 8. Bd5 c6 9. Bc4 b5 10. Bd3 a5 11. a4 b4 12. Ne2 Bb7 13. Ng3 Nc5 14. Be3 Nxd3 15. cxd3 Qc7 16. Nf5 Bd6 17. Rc1 Ng4 18. Nxd6 Qxd6 19. Bc5 Qd7 20. Bxf8 Kxf8 21. Ng5 Nf6 22. Nf3 c5 23. Nxe5 Qd4 24. Nf3 Qxb2 25. Rxc5 Nd7 26. Rc7 Nb6 27. Rxb7 Qf6 28. Qc2 g6 29. Qc5+ Kg7 30. Rxb6 Qb2 31. Rb7 b3 32. Qe5+ Qxe5 33. Nxe5 Rc8 34. Rxf7+ Kh6 35. Rb7 Rc3 36. Rb1 Kg5 37. R7xb3 Rc2 38. Nf3+ Kf4 39. Rb8 h5 40. Rf8+ Kg4 41. h3# 1-0

[Event "GER Cup Net V2 U1600"]
[Site "Playchess.com INT"]
[Date "2020.05.22"]
[Round "3"]
[White "Hoke, Joshua Sky"]
[Black "Konz, Andreas"]
[Result "1-0"]
[WhiteElo "1581"]
[BlackElo "1339"]
[PlyCount "135"]
[EventDate "2020.05.22"]
[EventType "swiss (blitz)"]
[EventRounds "9"]
[EventCountry "GER"]
[SourceTitle "EXT 2021"]
[Source "ChessBase"]
[SourceDate "2020.10.23"]
[SourceVersion "1"]
[SourceVersionDate "2020.10.23"]
[SourceQuality "1"]

1. e4 d6 2. d4 Nd7 3. Nf3 Ngf6 4. Nc3 e5 5. d5 Be7 6. Be3 0-0 7. Be2 c6 8. dxc6 bxc6 9. 0-0 Qc7 10. Qd2 Bb7 11. Bg5 a6 12. Rad1 c5 13. Nd5 Bxd5 14. exd5 e4 15. Ne1 h6 16. Bh4 Ne5 17. Bxf6 Bxf6 18. c4 Nd7 19. f3 Bd4+ 20. Kh1 e3 21. Qc2 Rab8 22. b3 a5 23. Qb1 a4 24. Nc2 Bc3 25. Nxe3 axb3 26. axb3 Qb6 27. Qc2 Bf6 28. Rb1 Qb4 29. Rfd1 Qc3 30. Qxc3 Bxc3 31. Rd3 Bd4 32. Nf5 Be5 33. Ne7+ Kh7 34. Nc6 Rb6 35. Bd1 Nb8 36. Nxe5 dxe5 37. Bc2 f5 38. Re3 g6 39. Rxe5 Rf7 40. Ra1 Nd7 41. Re8 Nf6 42. Rc8 Rbb7 43. Rxc5 Ra7 44. Rxa7 Rxa7 45. h3 Ra1+ 46. Kh2 Rc1 47. Rc7+ Kg8 48. Bd3 Rd1 49. Bc2 Rd2 50. Bb1 Rb2 51. Bd3 Rd2 52. Rc6 Rxd3 53. Rxf6 Kg7 54. Rb6 f4 55. c5 g5 56. d6 Rd5 57. Rb7+ Kf6 58. b4 Ke5 59. d7 Kd4 60. c6 Kc4 61. Rb8 Kc3 62. d8Q Rxd8 63. Rxd8 Kxb4 64. c7 Kc5 65. c8Q+ Kb6 66. Rd7 Kb5 67. Rb7+ Ka5 68. Qa8# 1-0